000 00384nam a22001337a 4500
082 _aP-517
100 _aUmar Farooq
_915376
245 _aEffectiveness of waste polymer modified bituminous mixes in pakistan
_cUmar Farooq, Ali Sher
260 _aRisalpur
_bMCE
_c2013
526 _a0
_b0
_c0
_dP_517
650 _aProject
700 _aMuhammad Bilal Khurshid
_947642
942 _2ddc
_cBK
999 _c551282
_d551282